000 00497nam a22001817a 4500
003 CEME
005 20210628203303.0
008 210127b xxu||||| |||| 00| 0 eng d
020 _a81-7808-823-1
040 _c.
082 _a621.3678 JEN
100 _aJensen, John R
_929676
245 _aRemote sensing of the enviroment;an earth resource perspective
260 _aINDIA
_bPEARSON EDUCATION
_c2003
300 _aXVI,542P
650 _aREMOTE SENSING- ENVIRONMENT
_963527
942 _cBK
_2ddc
999 _c572965
_d572965